Panamá : (Registro nro. 21515)
[ vista simple ]
| 000 -CABECERA | |
|---|---|
| campo de control de longitud fija | 00900nam a2200253 a 4500 |
| 001 - NÚMERO DE CONTROL | |
| campo de control | 000022017 |
| 003 - IDENTIFICADOR DEL NÚMERO DE CONTROL | |
| campo de control | DO-SdBNP |
| 005 - FECHA Y HORA DE LA ÚLTIMA TRANSACCIÓN | |
| campo de control | 20231116091657.0 |
| 008 - DATOS DE LONGITUD FIJA--INFORMACIÓN GENERAL | |
| campo de control de longitud fija | 100915s2000 xxuad 000 0 spa d |
| 020 ## - NÚMERO INTERNACIONAL ESTÁNDAR DEL LIBRO | |
| Número Internacional Estándar del Libro | 0821347160 |
| 040 ## - FUENTE DE LA CATALOGACIÓN | |
| Centro catalogador/agencia de origen | DO-SdBNP |
| Lengua de catalogación | spa |
| Centro/agencia transcriptor | BNPHU |
| 082 #4 - NÚMERO DE LA CLASIFICACIÓN DECIMAL DEWEY | |
| Número de clasificación | 339.46 |
| Número de documento/Ítem | P187e |
| Número de edición | 22 |
| 245 00 - MENCIÓN DE TÍTULO | |
| Título | Panamá : |
| Resto del título | estudio sobre pobreza, prioridades y estrategias para la reducción de la pobreza. |
| 260 ## - PUBLICACIÓN, DISTRIBUCIÓN, ETC. | |
| Lugar de publicación, distribución, etc. | Washington, D. C. : |
| Nombre del editor, distribuidor, etc. | Banco Mundial, |
| Fecha de publicación, distribución, etc. | 2000. |
| 300 ## - DESCRIPCIÓN FÍSICA | |
| Extensión | xvii, v. p. : |
| Otras características físicas | il. , diagr. ; |
| Dimensiones | 28 cm. |
| 440 #0 - MENCIÓN DE SERIE/PUNTO DE ACCESO ADICIONAL--TÍTULO | |
| Título | Serie de estudios del Banco Mundial sobre países |
| 9 (RLIN) | 45645 |
| 504 ## - NOTA DE BIBLIOGRAFÍA, ETC. | |
| Nota de bibliografía, etc. | Incluye referencias bibliográficas y notas al pie de las páginas. |
| 650 #4 - PUNTO DE ACCESO ADICIONAL DE MATERIA--TÉRMINO DE MATERIA | |
| Término de materia o nombre geográfico como elemento de entrada | Pobreza |
| Subdivisión geográfica | Panamá |
| 9 (RLIN) | 45646 |
| 650 #4 - PUNTO DE ACCESO ADICIONAL DE MATERIA--TÉRMINO DE MATERIA | |
| Término de materia o nombre geográfico como elemento de entrada | Calidad de vida |
| Subdivisión geográfica | Panamá |
| 9 (RLIN) | 45647 |
| 651 #4 - PUNTO DE ACCESO ADICIONAL DE MATERIA--NOMBRE GEOGRÁFICO | |
| Nombre geográfico | Panamá |
| Subdivisión general | Condiciones económicas |
| 9 (RLIN) | 45648 |
| 651 #4 - PUNTO DE ACCESO ADICIONAL DE MATERIA--NOMBRE GEOGRÁFICO | |
| Nombre geográfico | Panamá |
| Subdivisión general | Condiciones sociales |
| 9 (RLIN) | 45649 |
| 910 ## - DATOS DE OPCIÓN DEL USUARIO (OCLC) | |
| Datos de opción del usuario | WM |
| 942 ## - ELEMENTOS DE PUNTO DE ACCESO ADICIONAL (KOHA) | |
| Fuente del sistema de clasificación o colocación | Dewey Decimal Classification |
| Tipo de ítem Koha | Libro |
| Estado de retiro | Estado de pérdida | Restricciones de uso | No para préstamo | Código de colección | Localización permanente | Ubicación/localización actual | Ubicación en estantería | Fecha de adquisición | Número de inventario | Total de préstamos | Signatura topográfica completa | Código de barras | Fecha visto por última vez | Precio válido a partir de | Tipo de ítem Koha | Número de copia |
|---|---|---|---|---|---|---|---|---|---|---|---|---|---|---|---|---|
| Monografías: Libros y Folletos | General | General | Depósito | 15.09.2010 | LF1 | 339.46 P187e | 22017-10 | 25.06.2020 | 25.06.2020 | Préstamo en sala | ||||||
| Préstamo restrigido | Monografías: Libros y Folletos | General | General | Depósito | 15.09.2010 | LF1 | 339.46 P187e | 22017-20 | 25.06.2020 | 25.06.2020 | Préstamo en sala | e. 2 |
